| 000 | 00972nam a2200313 a 4500 | ||
|---|---|---|---|
| 008 | 130816s2011 sp ||||| |||| 00| 0 spa d | ||
| 020 | _a9788498354027 | ||
| 041 | _aspa | ||
| 092 |
_c612 _l51 _sMAR |
||
| 100 | 1 |
_aMarcos, Ascensión _92596 |
|
| 245 |
_aInmunonutrición. _bEn la salud y la enfermedad / _cAscensión Marcos |
||
| 250 | _a1a ed. | ||
| 260 |
_aMadrid: _bEditorial Médica Panamericana; _c2011. |
||
| 300 | _a622 p. | ||
| 500 | _aMarcos, A. (2011). Inmunonutrición. En la salud y la enfermedad. (1a ed.). Madrid : Editorial Médica Panamericana. | ||
| 653 | _aInmunonutricion | ||
| 653 | _aInmunidad | ||
| 653 | _aNutricion | ||
| 653 | _aSistema inmune | ||
| 653 | _aNutrientes | ||
| 653 | _aLeche materna | ||
| 653 | _aMicronutrientes | ||
| 653 | _aAntioxidantes | ||
| 653 | _aAcidos grasos y sistema inmune | ||
| 653 | _aPrebiotico, probioticos | ||
| 653 | _aDieta, actividad fisica | ||
| 653 | _aEnfermedades | ||
| 942 |
_2ddc _cBK _01 |
||
| 999 |
_c1616 _d1616 |
||